| 000 | 00483nam a22001817a 4500 | ||
|---|---|---|---|
| 003 | CEME | ||
| 005 | 20210628202508.0 | ||
| 008 | 210121b xxu||||| |||| 00| 0 eng d | ||
| 020 | _a81-7554-114-8 | ||
| 040 | _c. | ||
| 082 | _a658.314 CLE | ||
| 100 |
_aClegg , Brian _957864 |
||
| 245 | _aJust in time motivation ,inspire influence activate | ||
| 260 |
_aNEW DELHI _bKOGAN PAGE _c2005 |
||
| 300 | _aVIII,129P | ||
| 650 |
_aMOTIVATION.MOTIVATING PEOPLE _917965 |
||
| 942 |
_cBK _2ddc |
||
| 999 |
_c569955 _d569955 |
||